000 00450nam a2200109Ia 4500
008 171204s9999 xx 000 0 und d
245 4 _aThe Primordial Violence: Spanking Children, Psychological Development, Violence, And Crime
245 _cEmily M. Douglas, Murray A. Straus, and Rose Anne Medeiros
260 _c2015
650 _xPRF Ed 1: Child & Adolescent Development
856 _uhttp://down.ebook777.com/022/ThePriVioSpaChiPsyDevVioAndCri.pdf
999 _c345844
_d345844